[Event "17th Delhi GM Open 2019"]
[Site "Delhi"]
[Date "2019.01.10"]
[Round "3"]
[White "Visakh N R"]
[Black "Varga, Klara"]
[Result "1-0"]
[WhiteElo "2486"]
[BlackElo "2244"]
[Annotator "TA"]
[PlyCount "107"]
[EventDate "2019.01.09"]
[EventType "swiss"]
[EventCountry "IND"]
[SourceTitle "playchess.com"]
[Source "ChessBase"]
[SourceQuality "1"]

{[%evp 18,107,8,5,43,10,15,8,14,2,5,-9,-4,-7,56,43,67,54,123,57,75,50,44,34,39,25,55,0,0,0,0,0,0,0,0,0,0,0,0,0,0,0,15,0,0,0,4,-110,22,0,1,1,13,1,16,-3,28,35,51,51,102,54,51,52,60,51,60,34,38,28,45,7,45,24,22,0,54,54,101,90,99,87,99,61,873,79,114,0,876,880,753,865]} 1. d4 e6 2. e4 d5 3. Nd2 Be7 4. Ngf3 Nf6 5. e5 Nfd7 6. c3 c5 7. Bd3 b6 8. O-O Ba6 9. Bxa6 Nxa6 10. Re1 {LiveBook: 23 Games} cxd4 {C05: French Tarrasch: 3...Nf6 4 e5 Nfd7, 5 f4 and 5 Bd3 sidelines} (10... O-O) 11. cxd4 Rc8 12. Nf1 Nb4 {Hoping for ...Nc2.The position is equal.} 13. Re2 O-O 14. Bd2 $146 ({Predecessor:} 14. a3 Nc6 15. Qd3 h6 16. b4 Re8 17. Bb2 {0-1 (35) Wegiel,I (1704)-Brunclik,V (1715) ICCF email 2009}) 14... Nc6 15. Ng3 f6 (15... a5 $11) 16. exf6 $14 Bxf6 17. Bf4 Qe8 (17... Re8 $14) 18. Bd6 (18. Rc1 $16) 18... Rf7 19. Qd2 Nf8 20. Rae1 Be7 21. Bxe7 Qxe7 22. Ne5 ({White should play} 22. Re3 $14) 22... Nxe5 $11 23. Rxe5 Qh4 24. b3 Rf4 25. Rd1 Rc6 26. h3 Ng6 27. Re3 Rf6 28. Rc3 Rxc3 29. Qxc3 h5 30. Qc8+ Kh7 31. Qc2 Qg5 32. Qd2 (32. Ne2 $11) 32... Qh4 (32... Nf4 $1 $17 {Threatens to win with ...h4.} 33. Qc2+ Kg8) 33. Qc2 Qg5 34. Ne2 h4 35. Qd3 (35. Kf1 {seems wilder.} Kg8 36. Qc8+ Kh7 37. Qc1 Qf5 38. Qe3) 35... Rf5 36. Qe3 (36. f3 {is interesting.} Kh6 37. Kf2 Rf7 38. Rc1 Nf4 39. Nxf4 Qg3+ 40. Ke2) 36... Qf6 37. Rc1 e5 38. dxe5 Nxe5 (38... Rxe5 $14 39. Qd2 Qf7) 39. Rd1 Ng6 40. Qd4 Re5 41. Qd3 Rf5 42. Rf1 Ne5 43. Qe3 Ng6 44. f4 d4 45. Qe4 Kh6 $1 46. Rc1 {Rc6 is the strong threat.} Rc5 ({Stronger than} 46... Nxf4 47. Rc6 $16) (46... d3 $11 47. Qxd3 Nxf4 48. Nxf4 Rxf4) 47. Rd1 $14 Ne7 48. Nxd4 Rd5 49. Rd2 Rd6 50. Qe5 g6 $2 {[%mdl 8192] [#]} (50... Qxe5 $14 51. fxe5 Rd5) 51. Qe3 $2 (51. Nf5+ $1 $18 {[%mdl 512]} Nxf5 52. Rxd6 Qxe5 53. fxe5) 51... Nd5 52. Qe5 $2 {[%mdl 8192]} (52. Qf2 $16) 52... Ne7 $1 $18 {[#]} 53. Nf5+ $1 {[%mdl 512]} Nxf5 54. Rxd6 {Accuracy: White = 37%, Black = 33%.} 1-0

[Event "17th Delhi GM Open 2019"]
[Site "Delhi"]
[Date "2019.01.10"]
[Round "3"]
[White "Deviatkin, Andrei"]
[Black "Swati Ghate"]
[Result "1/2-1/2"]
[WhiteElo "2461"]
[BlackElo "2216"]
[Annotator "TA"]
[PlyCount "53"]
[EventDate "2019.01.09"]
[EventType "swiss"]
[EventCountry "IND"]
[SourceTitle "playchess.com"]
[Source "ChessBase"]
[SourceQuality "1"]

{[%evp 18,53,0,0,7,-4,0,0,9,-8,11,10,15,8,32,22,42,25,36,39,39,23,25,0,0,0,0,0,0,0,0,0,0,0,0,0,0,0]} 1. b3 d5 2. Bb2 Nf6 3. c4 c6 4. g3 Bf5 5. Nf3 e6 6. Bg2 h6 7. O-O Nbd7 8. Nc3 Bc5 9. d3 {[%cal Bd2d3,Bd3d4][%mdl 32]} O-O 10. e3 {LiveBook: 3 Games. A12: English Opening: 1...c6 with b3 by White} (10. d4 $5 {[%cal Rd4c5]} Bb6 11. Rc1 $11) 10... Bg6 $146 ({Predecessor:} 10... Re8 11. h3 Qe7 12. a3 a5 13. Qe2 Bg6 14. e4 dxe4 15. dxe4 e5 16. Rfd1 Bh5 17. Na4 Ba7 {0-1 (40) Cekro,E (2455)-Popchev,M (2450) Jahorina 2003}) 11. a3 a5 12. Qe2 Qe7 13. Rfe1 Rfd8 14. d4 Ba7 15. Nd2 Rab8 16. f4 c5 17. Nb5 Bb6 18. a4 Rbc8 19. Rac1 Nb8 {[%cal Bd7b8,Bb8a6,Ba6b4,Bb4a2][%mdl 32]} 20. Kh1 Na6 {The position is equal.} 21. Nf3 Nb4 22. Ne5 Be4 23. Red1 Na2 24. Ra1 Nb4 25. Rac1 Na2 26. Ra1 Nb4 27. Rac1 {Accuracy: White = 73%, Black = 53%.} 1/2-1/2

[Event "17th Delhi GM Open 2019"]
[Site "Delhi"]
[Date "2019.01.10"]
[Round "3"]
[White "Das, Sayantan"]
[Black "Harshal, Shahi"]
[Result "1-0"]
[WhiteElo "2451"]
[BlackElo "2066"]
[Annotator "TA"]
[PlyCount "91"]
[EventDate "2019.01.09"]
[EventType "swiss"]
[EventCountry "IND"]
[SourceTitle "playchess.com"]
[Source "ChessBase"]
[SourceQuality "1"]

{[%evp 16,91,39,36,56,0,0,14,25,25,58,50,50,43,68,39,75,37,43,32,68,0,12,-20,14,0,23,2,12,0,28,-19,23,8,33,24,34,33,72,65,104,91,108,95,85,83,96,95,185,201,225,199,188,195,200,191,203,195,205,194,206,193,199,189,508,493,536,312,300,309,309,302,388,400,736,770,711,701]} 1. e4 c5 2. Nf3 Nc6 3. d4 cxd4 4. Nxd4 e6 5. Nc3 Qc7 6. g3 a6 7. Bg2 Nf6 8. O-O Be7 9. Be3 {LiveBook: 64 Games} Ne5 {B47: Sicilian: Taimanov: 5 Nc3 Qc7 6 f4, 6 g3 and 6 Be2} 10. h3 (10. f4 $14 Nc4 11. Bc1) 10... Nc4 11. Bc1 d6 {The position is equal.} 12. b3 Nb6 $146 ({Predecessor:} 12... Na5 13. Bb2 Bd7 14. f4 Nc6 15. Nf3 O-O 16. Qe2 Rac8 17. Kh2 {1-0 (37) Motwani,P (2490)-Bellin,J (2180) Walsall 1997}) 13. Bb2 O-O 14. a4 {[%cal Ba2a4,Ba4a5][%mdl 32]} Rd8 15. g4 h6 16. a5 Nbd7 17. f4 Nf8 18. f5 ({White should play} 18. g5 $14) 18... e5 $11 19. Nde2 Bd7 20. Bc1 b6 21. axb6 Qxb6+ 22. Kh1 Bc6 23. Qd3 Qb7 24. Nd5 a5 25. Bd2 Bxd5 26. exd5 Qc7 27. Ra2 Rdc8 28. Rfa1 Qc5 29. c4 Bd8 30. Nc3 N8d7 31. Nb5 Qb6 (31... Rab8 $16 {keeps fighting.}) 32. Bxa5 Qb8 33. Bxd8 Rxa2 34. Rxa2 Rxd8 35. Qe3 Nb6 36. Ra5 Rc8 37. Na7 {Black must now prevent Nc6.} Nxc4 38. bxc4 Rxc4 {[#] intending ...Qb1+.} 39. Rb5 $1 {[%cal Rb5b8]} Qc7 $2 (39... Qa8 40. Rb1 e4) 40. Nc6 $18 e4 41. Qf4 Nxd5 42. Rxd5 {And now Nd4 would win.} Qxc6 43. Qxd6 ({Resist} 43. Rxd6 $6 Rc1+ 44. Kh2 Qc5 $18) 43... Rc1+ 44. Kh2 Qc3 (44... Qxd6+ $142 45. Rxd6 Rc4 46. Rd8+ Kh7) 45. Qb8+ Kh7 46. Rd8 {Precision: White = 61%, Black = 21%.} 1-0

[Event "17th Delhi GM Open 2019"]
[Site "Delhi"]
[Date "2019.01.10"]
[Round "3"]
[White "Mohammad Nubairshah Shaikh"]
[Black "Surender Kumar Sharma"]
[Result "1-0"]
[WhiteElo "2437"]
[BlackElo "2009"]
[Annotator "TA"]
[PlyCount "113"]
[EventDate "2019.01.09"]
[EventType "swiss"]
[EventCountry "IND"]
[SourceTitle "playchess.com"]
[Source "ChessBase"]
[SourceQuality "1"]

{[%evp 14,113,29,12,45,39,44,39,73,73,73,72,79,69,77,79,76,72,77,73,80,54,81,94,87,89,86,92,89,95,118,124,139,117,146,108,190,141,185,164,155,153,188,177,164,172,259,272,314,239,229,212,208,211,189,0,158,162,245,246,287,164,283,283,372,366,514,465,1016,1017,998,939,1322,1293,2171,1862,1293,1024,1024,1024,1024,1024,1016,968,841,821,1776,1772,1469,1675,1625,1526,2136,1880,29964,11993,29979,29980,29990,29982,29990,29991]} 1. d4 Nf6 2. c4 c6 3. Nc3 d5 4. Nf3 e6 5. Bg5 Be7 6. e3 h6 7. Bh4 Nbd7 8. Qc2 {LiveBook: 115 Games} Nb6 {D53: Queen's Gambit Declined: 4 Bg5 Be7: Early deviations} (8... O-O 9. Rd1 a6 10. a3 b6 11. Be2 Bb7 12. O-O Qe8 13. Rfe1 dxc4 14. Bxc4 c5 15. d5 exd5 16. Nxd5 Bxd5 17. Bxd5 Nxd5 18. Rxd5 Bxh4 19. Nxh4 {0-1 (47) Salem,A (2638)-Kasimdzhanov,R (2683) Riadh 2017}) 9. c5 Nbd7 10. b4 Nh5 $146 {White is slightly better.} ({Predecessor:} 10... Ng4 11. Bg3 f5 12. Be2 Ngf6 13. Ne5 Nxe5 14. dxe5 Ne4 15. Bh5+ Kf8 16. Nxe4 dxe4 {1-0 (26) Van Espen,E (2154)-Van Loo,G Leuven 2003}) 11. Bxe7 Qxe7 12. Be2 Nhf6 13. b5 O-O 14. bxc6 bxc6 15. Qa4 Nb8 16. Ne5 Qc7 17. O-O Nfd7 18. f4 $36 {[%cal Bf2f4,Bf4e5][%mdl 2080] White is really pushing.} a5 19. Rab1 Nxe5 20. fxe5 Nd7 21. e4 Ba6 22. Bxa6 Rxa6 23. Qc2 a4 24. a3 Qa5 (24... Ra7 $16) 25. Rb4 {[%cal Rb4a4]} Nxc5 26. dxc5 Qxc5+ 27. Rf2 d4 28. Nd5 {[%cal Bc3d5,Bd5f4,Bf4d3][%mdl 32]} (28. Rxa4 $2 dxc3 29. Rxa6 Rb8 $19) 28... Qa7 29. Nf4 Rb8 (29... c5 {was called for.} 30. Rc4 Rb6 31. Rxa4 Ra6) 30. Nd3 $18 Rc8 31. Qc4 c5 32. Rb5 Rac6 33. Rfb2 Qe7 34. Rf2 $2 ({White should try} 34. Ra5 $18) 34... Qg5 $2 (34... Qa7 $1 $11) 35. Rf4 $16 (35. Qxa4 c4 $11) 35... Qh5 (35... R6c7 $142 36. g3 Qh5) 36. h3 $18 {[%cal Bh2h3,Bh3h4][%mdl 32]} ({Stronger than} 36. Rxc5 Rxc5 37. Nxc5 d3 $17) (36. Qxa4 c4 $11) 36... Qe2 37. Kh2 (37. Rb7 $142) 37... g5 (37... R6c7 {is a better defense.} 38. Rb1 h5) 38. Rg4 Kh7 39. Rb2 {[%cal Bb5b2,Bb2f2,Bf2f3][%mdl 32]} Qe3 (39... Qd1 {might work better.} 40. Rg3 Qa1) 40. Rf2 R8c7 (40... R6c7 $142 41. h4 Rg8) 41. h4 Rb6 42. Rf3 Qd2 43. hxg5 hxg5 {[#]} 44. Nf4 $1 {[%mdl 512]} Rb3 (44... gxf4 45. Rh3#) 45. Rxb3 axb3 46. Qxb3 Qxf4+ 47. Rxf4 gxf4 {[%mdl 4096] Endgame KQ-KR} 48. Qb8 Rd7 {[#]} 49. Qd6 $1 {[%mdl 512]} Rb7 (49... Rxd6 50. exd6) 50. Qxc5 d3 51. Qd6 Rb3 52. a4 {[%cal Ba3a4,Ba4a5,Ba5a6][%mdl 32]} Rb2 53. Qxd3 Kg6 54. Qa3 Re2 55. a5 {White mates.} Rxe4 56. a6 Re3 57. Qb2 {Accuracy: White = 81%, Black = 30%.} 1-0

[Event "17th Delhi GM Open 2019"]
[Site "Delhi"]
[Date "2019.01.10"]
[Round "3"]
[White "Manik, Mikulas"]
[Black "Chilukuri Sai Varshith"]
[Result "1-0"]
[WhiteElo "2413"]
[BlackElo "1738"]
[Annotator "NA"]
[PlyCount "83"]
[EventDate "2019.01.09"]
[EventType "swiss"]
[EventCountry "IND"]
[SourceTitle "playchess.com"]
[Source "ChessBase"]
[SourceQuality "1"]
[TimeControl "5400+30"]

1. e4 {[%emt 0:00:00]} c5 {[%emt 0:00:22]} 2. Nf3 {[%emt 0:00:00]} Nc6 {[%emt 0:00:43]} 3. Bb5 {[%emt 0:00:00]} g6 {[%emt 0:00:45]} 4. O-O {[%emt 0:00:00]} Bg7 {[%emt 0:01:12]} 5. Re1 {[%emt 0:00:00]} a6 {[%emt 0:00:45]} 6. Bxc6 {[%emt 0:00:33]} dxc6 {[%emt 0:00:13]} 7. d3 {[%emt 0:01:03]} e5 {[%emt 0:01:43]} 8. Be3 {[%emt 0:03:59]} b6 {[%emt 0:00:31]} 9. Nbd2 {[%emt 0:00:34]} Ne7 {[%emt 0:01:47]} 10. a3 {[%emt 0:05:24]} Qc7 {[%emt 0:05:15]} 11. b4 {[%emt 0:01:20]} cxb4 {[%emt 0:02:46]} 12. axb4 {[%emt 0:00:03]} O-O {[%emt 0:00:46]} 13. Nc4 {[%emt 0:00:19]} Rb8 {[%emt 0:01:43]} 14. Ra3 {[%emt 0:11:33]} Rd8 {[%emt 0:08:19]} 15. Qa1 {[%emt 0:06:16]} f6 {[%emt 0:04:22]} 16. d4 {[%emt 0:04:01]} Bg4 {[%emt 0:16:13]} 17. dxe5 {[%emt 0:03:21]} fxe5 {[%emt 0:00:10]} 18. Ncxe5 {[%emt 0:01:17]} Nd5 {[%emt 0:07:48]} 19. exd5 {[%emt 0:23:53]} Bxf3 {[%emt 0:00:06]} 20. Bf4 {[%emt 0:02:53]} Bxd5 {[%emt 0:08:24]} 21. Nxg6 {[%emt 0:00:37]} Qxf4 {[%emt 0:05:01]} 22. Qxg7+ {[%emt 0:05:38]} Kxg7 {[%emt 0:00:40]} 23. Nxf4 {[%emt 0:00:02]} Re8 {[%emt 0:02:39]} 24. Rea1 {[%emt 0:02:40]} Re4 {[%emt 0:06:39]} 25. Nxd5 {[%emt 0:00:30]} cxd5 {[%emt 0:00:16]} 26. Rxa6 {[%emt 0:00:20]} Rxb4 {[%emt 0:00:05]} 27. Ra7+ {[%emt 0:00:19]} Kg6 {[%emt 0:00:32]} 28. Rd7 {[%emt 0:00:42]} Ra8 {[%emt 0:07:11]} 29. Re1 {[%emt 0:01:40]} d4 {[%emt 0:03:32]} 30. h3 {[%emt 0:01:54]} Rc8 {[%emt 0:01:07]} 31. g4 {[%emt 0:01:46]} Rc6 {[%emt 0:05:02]} 32. Re4 {[%emt 0:01:27]} b5 {[%emt 0:03:25]} 33. Rexd4 {[%emt 0:05:57]} Rxd4 {[%emt 0:00:07]} 34. Rxd4 {[%emt 0:00:12]} Rxc2 {[%emt 0:00:04]} 35. Rd6+ {[%emt 0:00:04]} Kg7 {[%emt 0:00:09]} 36. Rb6 {[%emt 0:00:05]} Rb2 {[%emt 0:00:08]} 37. Kg2 {[%emt 0:00:07]} h5 {[%emt 0:00:56]} 38. Kg3 {[%emt 0:00:34]} Rb3+ {[%emt 0:00:42]} 39. f3 {[%emt 0:00:15]} b4 {[%emt 0:00:21]} 40. g5 {[%emt 0:00:51]} Kh7 {[%emt 0:00:53]} 41. h4 {[%emt 0:00:20]} Rb1 {[%emt 0:00:24]} 42. Kf4 {[%emt 0:01:19]} 1-0

[Event "17th Delhi GM Open 2019"]
[Site "Delhi"]
[Date "2019.01.10"]
[Round "3"]
[White "Girish, A. Koushik"]
[Black "Amonatov, Farrukh"]
[Result "1/2-1/2"]
[WhiteElo "2411"]
[BlackElo "2621"]
[Annotator "TA"]
[PlyCount "80"]
[EventDate "2019.01.09"]
[EventType "swiss"]
[EventCountry "IND"]
[SourceTitle "playchess.com"]
[Source "ChessBase"]
[SourceQuality "1"]

{[%evp 17,80,54,41,28,89,91,81,40,74,70,85,68,73,64,117,121,146,135,154,152,147,131,133,131,139,145,147,122,111,93,93,93,93,93,91,99,100,93,108,0,84,70,70,0,77,65,91,47,98,29,51,50,112,115,116,78,91,70,70,70,70,56,56,56,78]} 1. d4 Nf6 2. c4 g6 3. Nc3 Bg7 4. e4 O-O 5. h3 d6 6. Be3 e5 7. d5 a5 8. g4 {E71: King's Indian: 4 e4 d6 5 h3} Na6 9. Nge2 {[%cal Bg1e2,Be2c1,Bc1d3][%mdl 32]} h5 {LiveBook: 12 Games} (9... c6 10. Ng3 Nc5 11. g5 Nfd7 12. h4 cxd5 13. Nxd5 Nb6 14. Nc3 Be6 15. b3 a4 {1-0 (36) Ding,L (2777)-Amonatov,F (2636) Riadh 2017}) 10. g5 Nh7 (10... Nd7 $11) 11. Rg1 $146 ({Predecessor:} 11. Qd2 Nc5 12. Rg1 Bd7 13. h4 Bg4 14. Ng3 Qe7 15. Be2 Bxe2 16. Qxe2 {0-1 (36) Nielsen,M-Kristensen,J Copenhagen 2000}) 11... Bd7 12. Nc1 Qc8 13. h4 Qe8 14. Nd3 f6 15. gxf6 Rxf6 (15... Nxf6 $14 16. f3 Nb4) 16. Be2 Qf7 17. Qd2 Kh8 18. O-O-O Nb4 19. Rg2 Nxd3+ 20. Qxd3 b6 21. Rdg1 Rg8 22. Qd2 Be8 23. Bd1 Qe7 24. Kb1 Rff8 25. Rh1 Bf6 {[#]} 26. Rgh2 $1 Rf7 27. Ne2 Bd7 28. Nc3 ({White should play} 28. Nc1 $16) 28... Nf8 (28... Be8 $1 $11) 29. Be2 Be8 30. Bd1 (30. b3 $14) 30... Nd7 (30... Bd7 $11) 31. a3 Kh7 32. Ba4 Rgf8 (32... Nc5 $14 33. Bxe8 Qxe8) 33. Bh6 (33. b4 $16) 33... Bg7 34. Bg5 Nf6 (34... Bf6 $14) 35. Bd1 Qd7 36. f3 Ng8 37. Rh3 Bh6 {White is slightly better.} 38. Rg3 Bxg5 39. hxg5 Kh8 40. Qe3 Rh7 {Accuracy: White = 42%, Black = 46%.} 1/2-1/2

[Event "17th Delhi GM Open 2019"]
[Site "Delhi"]
[Date "2019.01.10"]
[Round "3"]
[White "Sardana, Rishi"]
[Black "Pantsulaia, Levan"]
[Result "1-0"]
[WhiteElo "2398"]
[BlackElo "2597"]
[Annotator "TA"]
[PlyCount "69"]
[EventDate "2019.01.09"]
[EventType "swiss"]
[EventCountry "IND"]
[SourceTitle "playchess.com"]
[Source "ChessBase"]
[SourceQuality "1"]

{[%evp 28,69,46,0,136,65,41,40,51,69,69,63,151,144,145,151,160,150,232,231,231,212,251,241,220,233,310,321,327,321,325,319,322,316,370,364,451,441,648,648,1678,1535,1231,929]} 1. e4 c6 2. Nc3 d5 3. Nf3 Bg4 {[%cal Bc8g4,Bg4h5,Bh5g6,Bg6e4][%mdl 32]} 4. h3 Bh5 5. exd5 cxd5 6. Bb5+ Nc6 7. g4 Bg6 8. Ne5 Rc8 9. d4 e6 10. Qe2 Bb4 11. h4 Nge7 12. h5 Be4 13. f3 O-O 14. Nxc6 Nxc6 15. Be3 {LiveBook: 21 Games. B11: Caro-Kann: Two Knights Variation} (15. fxe4 $2 Nxd4 16. Qd3 dxe4 $19) 15... Qa5 {[#]} (15... Qf6 $11 {remains equal.} 16. fxe4 Nxd4 17. Bxd4 Qxd4) (15... Qf6 16. fxe4 Nxd4 17. Bxd4 Qxd4 18. Rd1 Bxc3+ 19. bxc3 Qxc3+ 20. Kf1 dxe4 21. Qxe4 Qxc2 22. Qxc2 Rxc2 {½-½ (33) Sadzikowski,D (2546)-Ruck,R (2563) Katowice 2016}) 16. Bxc6 (16. fxe4 $6 Bxc3+ 17. bxc3 Qxc3+ 18. Kf2 Nxd4 $11) ({White should try} 16. O-O $1 $16) 16... Bxc3+ $14 17. bxc3 {White is slightly better.} Qxc3+ 18. Kf2 {[%cal Be1f2,Bf2g2,Bg2g3][%mdl 32]} Rxc6 19. fxe4 f5 (19... dxe4 $14 20. Rad1 f5 21. gxf5 Rxf5+ 22. Kg2 Ra6) 20. exf5 $16 exf5 21. gxf5 Rxf5+ 22. Kg2 Re6 (22... Rff6 $16 23. Rhe1 Rce6) 23. Rae1 $146 Qc8 {Strongly threatening ...Rg5+.} 24. Rh3 Rg5+ 25. Rg3 Rxg3+ 26. Kxg3 Qc3 27. Qd2 Qa3 28. c3 Rc6 29. Rc1 Qe7 30. Bg5 Qf7 31. Qf4 Qd7 32. Re1 {White is clearly winning.} h6 {[#]} (32... Rxc3+ $142 33. Kf2 Qf7 34. Qxf7+ Kxf7 35. Re7+ Kf8 36. Rxb7 Rc2+ 37. Ke3 a6) 33. Re7 $1 {Qf7+ would kill now.} ({Not} 33. Be7 Rxc3+ 34. Kf2 Rc2+ 35. Kg3 (35. Kg1 $2 Qh3 $19) 35... Rc3+ 36. Kg2 Rc2+ 37. Kg3 (37. Kg1 $2 Qh3 $19) 37... Rc3+ $11) 33... Rxc3+ 34. Kf2 {White wants to mate with Qf7+.} Rc2+ 35. Kg1 {Precision: White = 86%, Black = 39%.} 1-0

[Event "17th Delhi GM Open 2019"]
[Site "Delhi"]
[Date "2019.01.10"]
[Round "3"]
[White "Sammed Jaykumar, Shete"]
[Black "Rozum, Ivan"]
[Result "0-1"]
[WhiteElo "2395"]
[BlackElo "2589"]
[Annotator "TA"]
[PlyCount "64"]
[EventDate "2019.01.09"]
[EventType "swiss"]
[EventCountry "IND"]
[SourceTitle "playchess.com"]
[Source "ChessBase"]
[SourceQuality "1"]

{[%evp 18,64,12,4,28,-47,-60,-53,-49,-124,-29,-30,-27,-59,-42,-62,-47,-29,-44,-45,0,0,0,0,0,-56,-39,-39,0,-103,0,8,102,90,299,333,299,0,0,-263,-279,-1146,-1113,-1226,-1224,-1204,-1161,-1110,-1068]} 1. e4 c6 2. Nf3 d5 3. exd5 cxd5 4. Ne5 (4. d4 Nc6 5. Ne5 e6 6. Bb5 Bd7 7. Nxd7 Qxd7 8. c3 Nf6 9. O-O Bd6 10. Nd2 Qc7 11. g3 O-O 12. Bd3 Rab8 {1-0 (50) Bauer,C (2629)-Berkes,F (2678) Batumi 2018}) 4... Nf6 5. d4 {[%cal Bd2d4,Bd4e5][%mdl 32]} g6 6. c3 {B10: Caro-Kann: 2 d3 and 2 c4} Bg7 7. Bd3 O-O 8. O-O Nc6 9. Qe2 Nxe5 10. dxe5 {LiveBook: 7 Games} Ng4 11. Bf4 $146 (11. f4 $1 $11) ({Predecessor:} 11. f4 f6 12. exf6 exf6 {½-½ (52) Arizmendi Martinez,J (2524)-Pallardo Lozoya,J (2297) Mislata 2008}) 11... Qc7 $15 {[%cal Rg7e5]} 12. Re1 f6 $1 {[%cal Rf6e5]} 13. c4 ({Better is} 13. Nd2 $15) 13... d4 ({But not} 13... Nxe5 $6 14. cxd5 Qb6 15. Nc3 $11) (13... fxe5 $17 14. Bg3 Rxf2 $1 {[%mdl 512]} 15. Bxf2 e4) 14. Nd2 Nxe5 15. Nb3 Rd8 16. Rac1 Bf5 17. Bxf5 gxf5 18. Red1 {[%cal Be1d1,Bd1d3,Bd3h3][%mdl 32]} Qb6 (18... d3 $5 {[%cal Rd3e2]} 19. Qe3 Qc6 20. Bxe5 fxe5 21. Rxd3 e4 22. Rxd8+ Rxd8 $15) 19. c5 Qb4 20. Qh5 e6 21. Bxe5 fxe5 22. Rd3 $1 Rd7 (22... Rf8 $15) 23. Rh3 $1 $17 {Hoping for c6.} Bf6 (23... d3 $1 $17 {aiming for ...d2.} 24. Rd1 (24. Qxh7+ Kf8 $11) 24... Qc4 25. Qxh7+ Kf8) 24. c6 $1 $11 {[%cal Rc6d7]} Rg7 {[#]} (24... bxc6 $11 {keeps the balance.} 25. Nc5 Re7) 25. Nc5 $1 $16 {[%cal Rc5e6]} Qxb2 $2 (25... Qd2 $16 26. Rf1 Qg5 27. Qxg5 Bxg5) 26. Rf1 $18 Qxa2 {[#] Threatens to win with ...Qd5.} 27. cxb7 $2 ({Only move:} 27. Nd7 $1 $18 Rf8 28. Nxf8) 27... Rb8 $1 $11 28. Qh6 $2 {[%mdl 8192]} (28. Rg3 $11 Qd5 29. Rc1) 28... Qd5 $1 $19 {[%csl Gg7,LRc5,LRg2][%cal Rd5g2][%mdl 64] Double Attack} 29. f3 $2 (29. Rg3 Rxg3 30. fxg3) 29... Bg5 {Black is clearly winning.} 30. Qxe6+ Qxe6 31. Nxe6 Be3+ 32. Kh1 Rgxb7 {Accuracy: White = 59%, Black = 43%.} 0-1

[Event "17th Delhi GM Open 2019"]
[Site "Delhi"]
[Date "2019.01.10"]
[Round "3"]
[White "Sahoo, Utkal Ranjan"]
[Black "Gupta, Abhijeet"]
[Result "1/2-1/2"]
[WhiteElo "2388"]
[BlackElo "2581"]
[Annotator "TA"]
[PlyCount "141"]
[EventDate "2019.01.09"]
[EventType "swiss"]
[EventCountry "IND"]
[SourceTitle "playchess.com"]
[Source "ChessBase"]
[SourceQuality "1"]

{[%evp 24,141,-10,-13,0,0,0,0,0,0,0,0,0,0,0,0,0,-8,-14,-13,-10,-28,0,0,0,-5,-5,-6,0,0,11,0,42,50,37,43,52,9,19,19,22,26,29,10,17,0,0,-2,0,0,0,0,0,0,0,0,0,0,0,0,7,0,4,0,14,0,22,0,0,0,0,-28,-28,-28,0,0,0,0,0,0,0,0,0,0,0,0,0,-8,-8,-8,-8,-8,-8,-8,-8,-8,-8,-8,-8,-8,-8,-8,-8,-12,-8,-12,-8,-8,-8,-8,0,0,0,0,0,0,0,0,0,0]} 1. d4 Nf6 2. c4 g6 3. Nc3 d5 4. cxd5 Nxd5 5. e4 Nxc3 6. bxc3 Bg7 7. Nf3 c5 8. Be2 Nc6 9. Be3 Bg4 10. e5 cxd4 {D85: Exchange Grünfeld: Unusual White 7th moves and lines with 7 Nf3} 11. cxd4 Qa5+ 12. Qd2 Qxd2+ (12... O-O 13. Qxa5 Nxa5 14. Nd2 Be6 15. O-O Rfd8 16. Ne4 Rac8 17. Nc5 Bd5 18. Rfc1 {½-½ (33) Alavi,S (2458)-Lorparizangeneh,S (2486) Sari 2017}) 13. Nxd2 {LiveBook: 3 Games} Bxe2 14. Kxe2 O-O 15. Rab1 Rfd8 16. Nf3 Rd7 17. g4 $146 ({Predecessor:} 17. Rhd1 Rad8 18. Rd2 {1-0 (45) Revita,S (1827)-Frayna,J (2285) Manila 2016}) 17... e6 18. h4 h6 19. Rhc1 Bf8 20. Rc4 Rad8 21. Rc3 Kg7 22. Rcb3 b6 23. Rc1 $36 {[%mdl 2048] White is more active.} Nb4 24. a3 Nd5 25. Nd2 Be7 26. h5 g5 (26... gxh5 {feels hotter.} 27. gxh5 Kh7 28. Ne4 Rg8 29. Kf3 Rf8) 27. Ne4 Rc7 (27... a5 {keeps more tension.} 28. Rc4 Rb8 29. a4 Bb4 30. Bd2 Rdb7) 28. Rxc7 Nxc7 29. a4 Nd5 30. Rb1 a6 31. Bd2 Rb8 32. Nc3 Nc7 33. Na2 b5 34. axb5 Nxb5 35. Ke3 Rd8 36. Bb4 Kf8 37. Bxe7+ Kxe7 $11 {[%mdl 4096] Endgame KRN-KRN} 38. Rb4 Rc8 39. Ra4 Rc6 40. Kd3 Kd7 41. Rc4 Rc7 42. Ra4 Rc6 43. Rc4 Rc7 44. Ra4 Ra7 45. Nc3 Nxc3 46. Kxc3 {KR-KR} a5 47. Rc4 a4 48. Kb2 Rb7+ 49. Ka3 {The position is equal.} Rb3+ 50. Kxa4 Rf3 51. Kb5 Rxf2 52. Kc5 Rg2 53. Ra4 Rxg4 54. Ra7+ Ke8 55. Ra8+ Ke7 {[#] Hoping for ...Rh4.} 56. d5 exd5 57. Kxd5 Rg1 58. Ra6 Rd1+ 59. Ke4 $1 Re1+ 60. Kf5 Rf1+ 61. Ke4 $1 g4 {aiming for ...g3.} 62. Ra7+ Kf8 63. Ra3 Rh1 64. Rg3 Ke7 65. Rxg4 Ke6 66. Rf4 Re1+ 67. Kd4 Rd1+ 68. Ke4 Re1+ 69. Kd4 Rd1+ 70. Ke4 Re1+ 71. Kd4 {Accuracy: White = 69%, Black = 76%.} 1/2-1/2